|
|
|
|
| LEADER |
01207nam a22003612i 4500 |
| 001 |
001582194 |
| 003 |
CZ BrMZK |
| 005 |
20171024104222.0 |
| 007 |
ta |
| 008 |
170621s1973 xo er|||||||||||slo d |
| 040 |
|
|
|a BOA001
|b cze
|e rda
|
| 072 |
|
7 |
|a 631
|x Zemědělství. Pedologie. Agrotechnika. Agroekologie
|2 Konspekt
|9 24
|
| 080 |
|
|
|a 630.114
|2 MRF
|
| 080 |
|
|
|a 631.423.2
|2 MRF
|
| 080 |
|
|
|a (049)
|2 MRF
|
| 100 |
1 |
|
|a Gavenčiak, Štefan
|7 jx20050502006
|4 aut
|
| 245 |
1 |
0 |
|a Orientačný výskum pôdnej vlhkosti nad hornou hranicou lesa /
|c Štefan Gavenčiak
|
| 250 |
|
|
|a 1. vydanie
|
| 264 |
|
1 |
|a Bratislava :
|b Výskumný ústav vodného hospodárstva,
|c 1973
|
| 300 |
|
|
|a 27 stran
|
| 336 |
|
|
|a text
|b txt
|2 rdacontent
|
| 337 |
|
|
|a bez média
|b n
|2 rdamedia
|
| 338 |
|
|
|a svazek
|b nc
|2 rdacarrier
|
| 490 |
1 |
|
|a Informácie ;
|v 30
|
| 504 |
|
|
|a Obsahuje bibliografii
|
| 650 |
0 |
7 |
|a lesní půda
|7 ph122254
|2 czenas
|
| 650 |
0 |
7 |
|a půdní vlhkost
|7 ph254472
|2 czenas
|
| 655 |
|
7 |
|a pojednání
|7 fd133056
|2 czenas
|
| 830 |
|
0 |
|a Informácie
|
| 910 |
|
|
|a BOA001
|b X-0705.217
|
| 990 |
|
|
|a BK
|
| 991 |
|
|
|b 201706
|
| 996 |
7 |
|
|b 2618902203
|c X-0705.217
|l MZK
|r Sklad / do 24 hodin
|n 0
|w 001617608
|u 000010
|a 1
|e BOA001
|j MZK50
|s A
|